[Event "Sharjah Blitz op"]
[Site "Sharjah"]
[Date "2021.05.01"]
[Round "2.18"]
[White "Alhomsi, Mouhammad Ammar"]
[Black "Razan, Alshaeby"]
[Result "1-0"]
[WhiteElo "1288"]
[BlackElo "1711"]
[PlyCount "96"]
[EventDate "2021.05.01"]
[EventType "swiss (blitz)"]
[EventRounds "9"]
[EventCountry "UAE"]
[SourceTitle "CBM 202 Extra"]
[Source "ChessBase"]
[SourceDate "2021.07.31"]
[SourceVersion "1"]
[SourceVersionDate "2021.07.31"]
[SourceQuality "1"]

1. e4 d5 2. exd5 Nf6 3. Nc3 Nxd5 4. Bc4 Nb6 5. Bb3 a5 6. a4 e6 7. Nf3 Be7 8. d3 Nc6 9. 0-0 0-0 10. Re1 Nb4 11. Bf4 N4d5 12. Nxd5 Nxd5 13. Bg3 c6 14. c3 Bd6 15. d4 Bxg3 16. hxg3 Qd6 17. Ne5 f6 18. Nc4 Qc7 19. Ne3 Kh8 20. Qh5 Nxe3 21. Rxe3 Bd7 22. Bxe6 Be8 23. Qh3 Bg6 24. Bf5 Bxf5 25. Qxf5 Rae8 26. Rae1 Qd8 27. Qh5 g6 28. Qh4 Kg7 29. Qf4 Rxe3 30. Rxe3 Re8 31. Kh2 Re7 32. Qf3 Qd7 33. Qe2 Kf7 34. Qc4+ Kf8 35. Qc5 Kf7 36. Qxa5 Rxe3 37. fxe3 Qe7 38. Qb6 g5 39. c4 g4 40. d5 cxd5 41. cxd5 f5 42. b4 Qf6 43. Qxb7+ Kg6 44. Qc6 Kg5 45. Qxf6+ Kxf6 46. a5 Ke5 47. a6 Kd6 48. a7 Kxd5 1-0

[Event "Sharjah Blitz op"]
[Site "Sharjah"]
[Date "2021.05.01"]
[Round "6.14"]
[White "Rombaua, Mariel Joseph"]
[Black "Alhomsi, Mouhammad Ammar"]
[Result "1-0"]
[WhiteElo "1782"]
[BlackElo "1288"]
[PlyCount "69"]
[EventDate "2021.05.01"]
[EventType "swiss (blitz)"]
[EventRounds "9"]
[EventCountry "UAE"]
[SourceTitle "CBM 202 Extra"]
[Source "ChessBase"]
[SourceDate "2021.07.31"]
[SourceVersion "1"]
[SourceVersionDate "2021.07.31"]
[SourceQuality "1"]

1. d4 Nf6 2. e3 g6 3. Bd3 Bg7 4. f4 0-0 5. Nf3 d6 6. 0-0 Nbd7 7. e4 e5 8. fxe5 dxe5 9. d5 c6 10. c4 cxd5 11. cxd5 Ne8 12. Nc3 Nd6 13. b3 a5 14. Ba3 Qb6+ 15. Kh1 Nc5 16. Rc1 f5 17. Bxc5 Qxc5 18. Nb5 Qb6 19. Nc7 Rb8 20. Ng5 f4 21. Nce6 Re8 22. Rc7 Bxe6 23. Nxe6 Rxe6 24. Rxg7+ Kxg7 25. dxe6 Rd8 26. Qa1 Kf6 27. Rxf4+ Kg7 28. Qxe5+ Kg8 29. e7 Re8 30. Qe6+ Kh8 31. Rf8+ Kg7 32. Rxe8 Qe3 33. Rg8+ Kh6 34. Qh3+ Kg5 35. Qxe3+ 1-0

[Event "Sharjah Rapid op"]
[Site "Sharjah"]
[Date "2021.04.30"]
[Round "7.16"]
[White "Alhomsi, Mouhammad Ammar"]
[Black "Alkhour, Seifedin"]
[Result "1-0"]
[WhiteElo "1288"]
[BlackElo "1444"]
[PlyCount "57"]
[EventDate "2021.04.29"]
[EventType "swiss (rapid)"]
[EventRounds "9"]
[EventCountry "UAE"]
[SourceTitle "CBM 202 Extra"]
[Source "ChessBase"]
[SourceDate "2021.07.31"]
[SourceVersion "1"]
[SourceVersionDate "2021.07.31"]
[SourceQuality "1"]

1. e4 e5 2. Nf3 Nc6 3. Bc4 Nf6 4. d3 h6 5. c3 d5 6. exd5 Nxd5 7. 0-0 Bg4 8. Nbd2 Nb6 9. Bb5 a6 10. Bxc6+ bxc6 11. h3 Bc8 12. Nxe5 Qf6 13. d4 Be7 14. Ne4 Qe6 15. Re1 0-0 16. Qf3 Bb7 17. Qg3 Bf6 18. Nc5 Qc8 19. Ng4 Nd5 20. c4 h5 21. Nh6+ Kh7 22. Qd3+ g6 23. cxd5 cxd5 24. Nf5 gxf5 25. Nxb7 Qxb7 26. Qxf5+ Kg7 27. Bh6+ Kxh6 28. Qxf6+ Kh7 29. Re5 1-0